Migrációs válság Európában - Lehetséges-e közös európai megoldás a 2014-2015. évi migrációs folyamatok jelentette kihívásokra?

Bibliográfiai részletek
Szerző: Tóth Anita
További közreműködők: Neszmélyi Dr. György
Dokumentumtípus: Diplomadolgozat
Kulcsszavak:Migrációs válság
Európa
Menekültügy
Migrációs politika
Online Access:http://dolgozattar.uni-bge.hu/3838

MARC

LEADER 00000nta a2200000 i 4500
001 dolg3838
005 20160920153319.0
008 151207suuuu hu om 000 hun d
040 |a BGE Dolgozattár Repozitórium  |b hun 
041 |a hu 
100 1 |a Tóth Anita 
245 1 0 |a Migrációs válság Európában - Lehetséges-e közös európai megoldás a 2014-2015. évi migrációs folyamatok jelentette kihívásokra?  |c Tóth Anita  |h [elektronikus dokumentum] 
695 |a Migrációs válság 
695 |a Európa 
695 |a Menekültügy 
695 |a Migrációs politika 
700 1 |a Neszmélyi Dr. György  |e ths 
856 4 0 |u http://dolgozattar.uni-bge.hu/3838/1/Szakdolgozat_T%C3%B3th%20Anita_U1DT75.pdf  |z Dokumentum-elérés